[Event "SVK-chT5 SE-SI 1920"]
[Site "Slovakia"]
[Date "2020.06.27"]
[Round "10.4"]
[White "Visvader, Rudolf"]
[Black "Gaza, Erik"]
[Result "1-0"]
[WhiteElo "1280"]
[BlackElo "1000"]
[PlyCount "37"]
[EventDate "2019.10.19"]
[EventType "team-tourn"]
[EventRounds "14"]
[EventCountry "SVK"]
[SourceTitle "EXT 2022"]
[Source "ChessBase"]
[SourceDate "2021.10.06"]
[SourceVersion "1"]
[SourceVersionDate "2021.10.06"]
[SourceQuality "1"]
[WhiteTeam "Borsky Mikulas"]
[BlackTeam "Holic III"]
[WhiteTeamCountry "SVK"]
[BlackTeamCountry "SVK"]

1. d4 d5 2. Bf4 Bf5 3. e3 e6 4. Nf3 Bd6 5. Bg3 Ne7 6. Bd3 0-0 7. 0-0 Nbc6 8. c3 Na5 9. b3 b6 10. Bh4 f6 11. Re1 g5 12. Bg3 Ng6 13. Qc2 Re8 14. Nbd2 Qd7 15. e4 dxe4 16. Bxe4 Bxe4 17. Nxe4 Bxg3 18. Nxf6+ Kf7 19. Nxd7 1-0

[Event "SVK-chT5 SE-SI 1920"]
[Site "Slovakia"]
[Date "2020.02.29"]
[Round "8.5"]
[White "Ralbovsky, Milan"]
[Black "Gaza, Erik"]
[Result "1-0"]
[WhiteElo "1271"]
[BlackElo "1000"]
[PlyCount "69"]
[EventDate "2019.10.19"]
[EventType "team-tourn"]
[EventRounds "14"]
[EventCountry "SVK"]
[SourceTitle "CBM 195 Extra"]
[Source "ChessBase"]
[SourceDate "2020.05.31"]
[SourceVersion "1"]
[SourceVersionDate "2020.05.31"]
[SourceQuality "1"]
[WhiteTeam "Jabuca Petrova Ves Gbely V"]
[BlackTeam "Holic III"]
[WhiteTeamCountry "SVK"]
[BlackTeamCountry "SVK"]

1. e4 e5 2. Qh5 Nc6 3. Bb5 Nge7 4. Nf3 g6 5. Qh4 d6 6. 0-0 a6 7. Bxc6+ Nxc6 8. Qxd8+ Nxd8 9. Nc3 Be6 10. d3 Nc6 11. a3 0-0-0 12. Bg5 Rd7 13. Bf6 Rg8 14. Ng5 h6 15. Nxe6 fxe6 16. Rae1 g5 17. Re3 Rf7 18. Bxe5 dxe5 19. Ne2 Nd4 20. c3 Nxe2+ 21. Rxe2 a5 22. Re3 Bc5 23. Rh3 Rgf8 24. Rxh6 Rxf2 25. Rxf2 Rxf2 26. d4 exd4 27. Rxe6 dxc3 28. bxc3 Ra2+ 29. Kf1 Bxa3 30. Re5 Bd6 31. Rxg5 Bxh2 32. e5 a4 33. e6 Bd6 34. Rg8+ Bf8 35. Rxf8# 1-0

[Event "SVK-chT5 SE-SI 1920"]
[Site "Slovakia"]
[Date "2020.01.18"]
[Round "5.5"]
[White "Martis, Jan"]
[Black "Gaza, Erik"]
[Result "0-1"]
[WhiteElo "1000"]
[BlackElo "1000"]
[PlyCount "78"]
[EventDate "2019.10.19"]
[EventType "team-tourn"]
[EventRounds "14"]
[EventCountry "SVK"]
[SourceTitle "CBM 194 Extra"]
[Source "ChessBase"]
[SourceDate "2020.03.31"]
[SourceVersion "1"]
[SourceVersionDate "2020.03.31"]
[SourceQuality "1"]
[WhiteTeam "Myjava Spartak II"]
[BlackTeam "Holic III"]
[WhiteTeamCountry "SVK"]
[BlackTeamCountry "SVK"]

1. e4 e5 2. Nf3 Nc6 3. Bc4 Bc5 4. d3 d6 5. h3 Nf6 6. 0-0 h6 7. a3 0-0 8. Nh2 Re8 9. Nc3 Be6 10. Bxe6 fxe6 11. Ne2 d5 12. b4 Bb6 13. Ng3 Bd4 14. Rb1 b5 15. Bd2 Rb8 16. c3 Bb6 17. Kh1 a5 18. f4 Qd6 19. f5 axb4 20. axb4 Kh7 21. fxe6 Qxe6 22. Qc1 Ne7 23. Nf5 Nxf5 24. exf5 Qd6 25. Rf3 e4 26. Bf4 Qd7 27. Rf1 exd3 28. Bd2 c5 29. bxc5 Bxc5 30. Rf3 Rbc8 31. g4 d4 32. g5 hxg5 33. Bxg5 Rf8 34. cxd4 Bxd4 35. Qf4 Qd5 36. Bxf6 gxf6 37. Qh4+ Kg7 38. Qh5 Rg8 39. Re1 d2 0-1

[Event "SVK-chT5 SE-SI 1819"]
[Site "Slovakia"]
[Date "2019.01.26"]
[Round "6.5"]
[White "Knapek, Adrian"]
[Black "Gaza, Erik"]
[Result "1-0"]
[WhiteElo "1437"]
[BlackElo "1000"]
[PlyCount "57"]
[EventDate "2018.10.20"]
[EventType "team-tourn"]
[EventRounds "10"]
[EventCountry "SVK"]
[SourceTitle "CBM 189 Extra"]
[Source "ChessBase"]
[SourceDate "2019.06.03"]
[SourceVersion "1"]
[SourceVersionDate "2019.06.03"]
[SourceQuality "1"]
[WhiteTeam "Myjava Spartak"]
[BlackTeam "Holic III"]
[WhiteTeamCountry "SVK"]
[BlackTeamCountry "SVK"]

1. e4 e5 2. Nf3 Nc6 3. d4 Bd6 4. Bc4 Nf6 5. Bg5 h6 6. Bh4 0-0 7. Bb5 Qe8 8. Bxf6 gxf6 9. d5 a6 10. Nh4 Ne7 11. Bd3 c6 12. Nf5 Nxf5 13. exf5 cxd5 14. Nc3 e4 15. Bxe4 dxe4 16. Qxd6 Qe5 17. Qxe5 fxe5 18. Nxe4 d5 19. Nd6 Rd8 20. Nxc8 Raxc8 21. c3 Rc4 22. g3 h5 23. Rd1 d4 24. Ke2 e4 25. Rd2 dxc3 26. Rxd8+ Kg7 27. bxc3 Rxc3 28. Rhd1 Rc2+ 29. R1d2 1-0